Normal view MARC view
  • Durdana Soomro

Entry Personal Name

Number of records used in: 1

001 - CONTROL NUMBER

  • control field: 98958

003 - CONTROL NUMBER IDENTIFIER

  • control field: NUST

005 - DATE AND TIME OF LATEST TRANSACTION

  • control field: 20220920163307.0

008 - FIXED-LENGTH DATA ELEMENTS

  • fixed length control field: 220920|| aca||aabn | a|a d

040 ## - CATALOGING SOURCE

  • Original cataloging agency: NUST
  • Transcribing agency: NUST

100 ## - HEADING--PERSONAL NAME

  • Personal name: Durdana Soomro

670 ## - SOURCE DATA FOUND

  • Source citation: Work cat.: (NUST)331655: Durdana Soomro, Karachi : pleasure gardens of a Raj city, 2007
© 2023 Central Library, National University of Sciences and Technology. All Rights Reserved.